|
|
|
|
| LEADER |
00000nab a2200000 a 4500 |
| 001 |
vtls010208090 |
| 003 |
SK-MaSNL |
| 005 |
20260318121642.0 |
| 008 |
110201c2010 xo wr p 000 c0ukr |
| 015 |
|
|
|a SNBRB2011/02
|
| 038 |
|
|
|a SVKPOCL
|
| 040 |
|
|
|a SVKPOCL
|b slo
|c SVKPOCL
|e AACR2
|
| 041 |
0 |
|
|a ukr
|
| 044 |
|
|
|a xo
|c SK
|
| 080 |
|
|
|a 811.161.25
|2 2001
|
| 080 |
|
|
|a 316.7(=161.25)
|2 2001
|
| 080 |
|
|
|a 81'24:37.018.4)
|2 2001
|
| 100 |
1 |
|
|a Zozuľák, Alexander,
|d 1953-
|4 aut
|4 pht
|9 103738
|
| 245 |
1 |
0 |
|a Dalša vŷznačna podjija
|c [avtor] -az- ; fotkŷ avtora
|
| 300 |
|
|
|b Fotogr.
|
| 610 |
2 |
7 |
|a Letná škola rusínskeho jazyka a kultúry - Studium Carpatho-Ruthenorum
|n (1. :
|d 2010 :
|c Prešov, Slovensko)
|2 svkpocl
|9 1101556
|
| 648 |
|
7 |
|a 14.6. 2010
|2 svkpocl
|9 1582819
|
| 650 |
0 |
7 |
|a rusínčina
|2 svkpocl
|9 51510
|
| 650 |
0 |
7 |
|a rusínska kultúra
|2 svkpocl
|9 1037456
|
| 650 |
0 |
7 |
|a jazykové kurzy
|2 svkpocl
|9 69932
|
| 650 |
0 |
7 |
|a otvorenie
|2 svkpocl
|9 765696
|
| 651 |
|
7 |
|a Prešov (Slovensko)
|2 svkpocl
|9 17347
|
| 773 |
0 |
|
|t Narodnŷ novynkŷ
|g Roč. XX, č. 24 (2010), s. 1
|
| 852 |
|
|
|a SVKPO
|b KIS3GCP
|
| 856 |
4 |
1 |
|u http://narodny-novynky.presov.sk
|
| 856 |
4 |
1 |
|u http://www. rusynacademy.sk
|
| 958 |
|
|
|a RN
|
| 958 |
|
|
|a SK
|
| 999 |
|
|
|c 3237578
|d 3239508
|